00964nam a2200181 a 450000100100000000500170001000800410002704000250006811000770009324000160017024500710018626000880025730000210034504900090036695201920037595201980056799900170076500003101420200930062641.0110610s1945 000 spa d aDO-SdBNPbspacBNPHU1 aRepública DominicanabProcuraduria de General de la República95751610aLeyes, etc.10aRecopilación de las leyes relacionadas con el servicio judicial. aCiudad Trujillo, República Dominicana :bEditora Luis Sánchez Andújar,c1945. a534 p. ;c24 cm. aBNPD 001050718MOaPDbPDcCTd2011-06-10iLF1l0o p31014-10r2020-06-25w2020-06-25y1zPerteneció a la biblioteca personal de Julio Ortega Frier y Rafael Andrés Ortega.ZNo se presta 001050718MOaPDbPDcCTd2011-06-10iLF1l0o p31014-20r2020-06-25te. 2w2020-06-25y1zPerteneció a la biblioteca personal de Julio Ortega Frier y Rafael Andrés Ortega.ZNo se presta c30506d30506